| 000 | 00361 a2200169 4500 | ||
|---|---|---|---|
| 001 | 185771 | ||
| 020 | _a85-322-5069-6 | ||
| 040 | _cMagnum | ||
| 100 | _aMachado, Ana Maria | ||
| 240 | 1 | 0 |
_aDomador de monstros, O _lpor |
| 245 | 1 | 0 | _aDomador de monstros, O |
| 300 | _a29 | ||
| 362 | 0 | _a2003 | |
| 440 | 1 | _aFTD | |
| 697 | _aLITERATURA INFANTO | ||
| 942 | _cBK | ||
| 999 |
_c185771 _d185771 |
||